00995nam a2200253Ia 450000500170000000800410001702000180005808200150007624501450009125000190023630000490025550000340030453400440033865000350038265000690041765000520048670000260053870000240056426400300058833600270061833700330064533800280067804000350070620220317001507.0161108s2012 s o g 000 0 s  a978842534917104a791.4bM3400a1001 películas que hay que ver antes de morirccoordinación, Steven Jay Schneider ; traducción, Eduardo G. Morillo ... [y otros siete] a15.a edición a960 páginasbfotografías en colorc22 cm aIncluye índice de géneros t1001 movies you must see before you die142LEMBaCinexHistoria y critica142LEMBaPelículas cinematográficasxCritica e interpretación142LEMBaPelículas cinematográficasvReseñas1 aSchneider, Steven Jay1 aMurillo, Eduardo G. aBarcelonabGrijalboc2012 atextobtxt2rdacontent asin mediaciónbn2rdamedia avolumenbnc2rdacarrier aCO-BoRNBPbspaerdacCO-BoRNBP